000 00921nam a2200337Ia 4500
008 170203s9999 xx 000 0 und d
020 _a9781423106142
050 _aFIc
050 _bG729h
100 _aGrace, N.B.
245 _aCrunch time /
245 _cby N.B. Grace.
260 _aNew York :
260 _bDisney Press,
260 _c©2007.
300 _a126 pages ;
300 _c20 cm.
440 _aHigh school musical, stories from East High,
440 _v#4.
500 _a"Based on the Disney Channel original movie 'High School Musical', written by Peter Barsocchini."
650 _aHigh schools --
650 _aHigh schools --
650 _aMusicals --
650 _aMusicals --
650 _aSAT (Educational test) --
650 _xFiction.
650 _xFiction.
650 _xJuvenile fiction.
650 _xJuvenile fiction.
650 _xJuvenile fiction.
999 _c306433
_d306433